00715nam a2200241 a 4500001001300000003000900013005001700022008004100039020001000080082001600090100004500106245002000151260003200171300000800203500003500211505002000246650001600266700004500282902000800327942000700335952011600342999001500458nice12345678IN_TiNIC20260116011604.0050524s1931 teha grp 000 0 eng  ac10000a297.93bNSA aNational Spiritual, Assembly Of S Of Ind aBahai Movement. aTehranbNo Publisher c1931 a49p aincludes index and biblioraphy2 aQuranic Science aBahai Faith1 aNational Spiritual, Assembly Of S Of Ind bSRS cBK 001040708StackRoom-aHMIbHMId2007-07-02g100.00l0o297.93 NSAp01949r2007-07-02v100.00w2005-05-24yBK c2767d2767